| 000 | 01215nam a2200241 a 4500 | ||
|---|---|---|---|
| 001 | 000029336 | ||
| 005 | 20200930055502.0 | ||
| 008 | 110307s2007 dr ac 000 0 spa d | ||
| 040 |
_aDO-SdBNP _bspa _cBNPHU |
||
| 082 |
_a021.7 _bF356d, 2007 |
||
| 111 | 2 |
_aFeria Internacional del Libro de Santo Domingo 2007 _n(10ª : _d(2007 10 :23 abril al 6 de mayo _cSanto Domingo, República Dominicana ) _956212 |
|
| 245 | 1 | 0 |
_aX Feria Internacional del Libro Santo Domingo 2007 : _bprograma. |
| 246 | 1 | 3 | _aDécima Feria Internacional del Libro Santo Domingo 2007 |
| 260 |
_aSanto Domingo : _bSecretaría de Estado de Cultura _bDirección General de la Feria del Libro, _c2007 _fEditora Búho |
||
| 300 |
_a327 p. : _bil., retrs. ; _c23 cm. |
||
| 500 | _aHomenaje a Franklin Mieses Burgos, país invitado de honor Colombia | ||
| 500 | _aContiene el manual del expositor | ||
| 500 | _aDonde la imaginación florece | ||
| 611 | 2 | 4 |
_aFERIA INTERNACIONAL DEL LIBRO _x(10ª : _cSANTO DOMINGO, REPÚBLICA DOMINICANA) _xPROGRAMAS _956213 |
| 650 | 4 |
_aIndustria del libro _zRepública Dominicana _xProgramas _955292 |
|
| 650 | 4 |
_aFeria del libro _zRepública Dominicana _y2010 _xProgramas _956214 |
|
| 910 | _aValidado. Control de caliad. MFF | ||
| 999 |
_c28828 _d28828 |
||